Häufigste Nachnamen Italien - Statistiken

Allgemein
  • Dieses Quiz wurde 115 mal gespielt
  • Das Durchschnittsergebnis liegt bei 6 aus 256
Antwortstatistiken
Antwort % Korrekt
Rossi
63%
Dal
22%
Ferrari
20%
Rosso
20%
Conte
17%
Monti
17%
Meloni
15%
Re
15%
Bianchi
13%
Bianco
13%
Mancini
13%
Caruso
11%
Costa
11%
Franco
11%
Russo
11%
Conti
9%
Grosso
9%
Pucci
9%
Bruno
7%
Esposito
7%
Piccolo
7%
Ricci
7%
di Marco
6%
Fabbri
6%
Ferrero
6%
Forte
6%
Gentile
6%
Leone
6%
Maggi
6%
Mazza
6%
Messina
6%
Napoli
6%
Negri
6%
Pellegrini
6%
Pellegrino
6%
Romano
6%
Bassi
4%
Basso
4%
Bellini
4%
Bruni
4%
Colombo
4%
de Santis
4%
Donati
4%
Falcone
4%
Ferrara
4%
Fiore
4%
Galli
4%
Grassi
4%
Greco
4%
Marchesi
4%
Marchi
4%
Martinelli
4%
Martini
4%
Milani
4%
Moretti
4%
Moro
4%
Parisi
4%
Poli
4%
Riva
4%
Rocca
4%
Romeo
4%
Rosa
4%
Rossini
4%
Santoro
4%
Serra
4%
Viola
4%
Albanese
2%
Angelini
2%
Antonelli
2%
Beretta
2%
Bernardi
2%
Berti
2%
Bosco
2%
Brunetti
2%
Bucci
2%
Calabrese
2%
Carbone
2%
Carta
2%
Castelli
2%
D'Alessandro
2%
Dalla
2%
D'Angelo
2%
de Luca
2%
di Stefano
2%
Fazio
2%
Ferraro
2%
Ferretti
2%
Ferri
2%
Fontana
2%
Franchi
2%
Gallo
2%
Gatti
2%
Gatto
2%
Grasso
2%
Grossi
2%
Leoni
2%
Locatelli
2%
Lombardi
2%
Magnani
2%
Manca
2%
Marchese
2%
Marino
2%
Marra
2%
Massa
2%
Mele
2%
Monaco
2%
Mori
2%
Olivieri
2%
Palermo
2%
Palmieri
2%
Pepe
2%
Perrone
2%
Piazza
2%
Pinna
2%
Piras
2%
Pugliese
2%
Rizzi
2%
Rizzo
2%
Ruggiero
2%
Sala
2%
Santi
2%
Santini
2%
Silvestri
2%
Valenti
2%
Valentini
2%
Villa
2%
Zanetti
2%
Agostini
0%
Aiello
0%
Amato
0%
Arena
0%
Baldi
0%
Baldini
0%
Barbieri
0%
Barone
0%
Baroni
0%
Bartolini
0%
Basile
0%
Battaglia
0%
Benedetti
0%
Bernardini
0%
Bevilacqua
0%
Bianchini
0%
Biondi
0%
Bonetti
0%
Borghi
0%
Brambilla
0%
Caputo
0%
Carraro
0%
Catalano
0%
Cattaneo
0%
Cavallaro
0%
Cavallo
0%
Ceccarelli
0%
Cirillo
0%
Colucci
0%
Constantini
0%
Coppola
0%
Corti
0%
Costanzo
0%
D'Agostino
0%
D'Ambrosio
0%
D'Amico
0%
D'Andrea
0%
de Angelis
0%
de Marco
0%
de Rosa
0%
de Simone
0%
di Martino
0%
di Pietro
0%
Farina
0%
Ferrante
0%
Ferro
0%
Filippi
0%
Frigerio
0%
Fumagalli
0%
Furlan
0%
Fusco
0%
Gagliardi
0%
Garofalo
0%
Giannini
0%
Giardano
0%
Giorgi
0%
Giovannini
0%
Giuliani
0%
Giusti
0%
Gori
0%
Grillo
0%
Grimaldi
0%
Guarino
0%
Guerra
0%
Guida
0%
Guidi
0%
Innocenti
0%
Izzo
0%
Landi
0%
Leonardi
0%
Lombardo
0%
Longo
0%
Magni
0%
Mancuso
0%
Mantovani
0%
Marchetti
0%
Marinelli
0%
Marini
0%
Mariotti
0%
Martino
0%
Mauri
0%
Mauro
0%
Mazzoni
0%
Melis
0%
Molinari
0%
Montarani
0%
Morelli
0%
Mosca
0%
Motta
0%
Mura
0%
Napolitano
0%
Nardi
0%
Olvia
0%
Orlandi
0%
Orlando
0%
Pace
0%
Pagano
0%
Palma
0%
Palumbo
0%
Pastore
0%
Pesce
0%
Pinto
0%
Pisano
0%
Pozzi
0%
Proietti
0%
Raimondi
0%
Rinaldi
0%
Rosati
0%
Rossetti
0%
Rota
0%
Rubino
0%
Ruggeri
0%
Sacco
0%
Sanna
0%
Sartori
0%
Serafini
0%
Sorrentino
0%
Spina
0%
Spinelli
0%
Stella
0%
Testa
0%
Tosi
0%
Trevisan
0%
Ventura
0%
Venturi
0%
Venturini
0%
Vitale
0%
Vitali
0%
Volpe
0%
Keine übereinstimmenden Quizze gefunden
Verteilung der Resultate
Anzahl Personen mit jedem Resultat
Perzentil nach korrekt beantworteten Fragen
Ihre Resultats-Entwicklung
Sie haben dieses Quiz noch nicht gespielt